| 000 | 00000nam##2200000za#4500 |
| 001 | 9.632651 |
| 003 | CaOODSP |
| 005 | 20210624214924 |
| 007 | cr ||||||||||| |
| 008 | 150407|2006||||xxc|||||o f|0| 0 fre|d |
| 020 | |a0-662-71451-2 |
| 040 | |aCaOODSP|bfre |
| 043 | |an-cn--- |
| 086 | 1 |aFs23-497/2006F-PDF |
| 110 | 1 |aCanada. |bMinistère des pêches et des océans. |bRégion du Centre et de l'Arctique. |
| 245 | 10|aExigences fédérales des processus d'évaluation environnementale des aménagements hydro-électriques en Ontario : |h[ressource électronique]|bguide du praticien / |cpublié conjointement par Ontario Waterpower Association. |
| 250 | |aVersion 1.0 |
| 260 | |aBurlington - Ontario : |bPêches et Océans Canada. |cc2006. |
| 300 | |a139p. |
| 500 | |a«Ce Guide du praticien ne vise pas à tout englober, mais vise plutôt à offrir des conseils judicieux et pratiques aux promoteurs. L’information contenue dans ce document se veut une orientation seulement.»--Page 16 sur 139, Introduction et but. L'ISBN (0-662-42948-6) de l'édition en anglais a été incorrectement copié dans cette publication. |
| 590 | |a10-11-Supp|b2010-11-10 |
| 691 | 07|aÉlectricité|2gcpds |
| 775 | 08|tFederal requirements for waterpower development environmental assessment processes in Ontario : |w(CaOODSP)9.688219 |
| 856 | 40|ahttp://publications.gc.ca|qPDF|s1121 Ko|uhttps://publications.gc.ca/collections/collection_2010/mpo-dfo/Fs23-497-2006-fra.pdf |
| 986 | |aDFO/2006-990 |